| 000 | 01382nam a2200241Ia 4500 | ||
|---|---|---|---|
| 003 | Ost | ||
| 005 | 20260416102354.0 | ||
| 008 | 260416s9999||||xx |||||||||||||| ||und|| | ||
| 040 | _cfsecg | ||
| 041 | _aara | ||
| 082 | _a339 | ||
| 100 |
_aفرد، أم الخير _eمؤلف |
||
| 245 | 0 |
_aالإقتصاد الكلي (1) / _c أم الخير فرد |
|
| 260 |
_aالجزائر _bجامعة الجزائر3: كلية العلوم الإقتصادية، العلوم التجارية وعلوم التسيير _c2019 |
||
| 300 |
_a211 ورقة _bايضاحات _c30 سم |
||
| 504 | _aمراجع ص.208 | ||
| 520 | _aمفاهيم أساسية في النظرية الاقتصادية الكلية، قياس مستوى النشاط الاقتصادي الكلي و حسابات الدخل الوطني، النموذج الكلاسيكي للتوازن الاقتصادي الكلي، النموذج الكينزي البسيط للدخل و الانفاق، التوازن المتزامن في السوقين السلعي و النقدي (نموذج IS/ LM) . | ||
| 653 | _aالاقتصاد الكلي | ||
| 653 | _aالتوازن الاقتصادي | ||
| 653 | _aالعرض و الطلب | ||
| 710 |
_aجامعة الجزائر3: كلية العلوم الإقتصادية، العلوم التجارية وعلوم التسيير _eناشر علمي |
||
| 942 | _cHANDOUT | ||
| 999 |
_c41148 _d41148 |
||